| 000 | 02434nam a2200409 4500 | ||
|---|---|---|---|
| 001 | 179097 | ||
| 003 | ES-MaACL | ||
| 005 | 20250804063439.0 | ||
| 008 | 110908s2009 sp acfo |||| |bspa d | ||
| 017 |
_aM 48997-2009 _bOficina Depósito Legal Madrid |
||
| 020 | _a978-84-92827-12-1 | ||
| 080 | _a74 Mallo, Maruja (083.824) | ||
| 080 | _a75 Mallo, Maruja (083.824) | ||
| 100 | 1 |
_aMallo, Maruja, _d1902-1995 _eaut _975816 |
|
| 245 | 1 | 0 |
_aMaruja Mallo / _c[edición, Fernando Huici March, Juan Pérez de Ayala] |
| 260 |
_aMadrid : _bSociedad Estatal de Conmemoraciones Culturales, _c[2009] |
||
| 300 |
_a3 volúmenes (263, 1 página plegada ; 138, 3 láminas ; 28 páginas, [1] hoja de lámina) : _bprincipalmente ilustraciones (blanco y negro y color) ; _c25 x 22 cm + _e2 DVD-vídeo |
||
| 500 | _aCronología | ||
| 505 | 0 |
_aVol. 1. Exposición Casa das Artes, Vigo, 10 de septiembre de 2009-10 de enero de 2010; Real Academia de Bellas Artes de San Fernando, Madrid, 29 de enero-4 de abril de 2010 - v. 2. Álbum y textos históricos - v. 3. Mitad ángel, mitad marisco / un documental de Antón Reixa; [extras] _t |
|
| 600 | 1 | 7 |
_aMallo, Maruja, _d1902-1995- _vExposiciones _9147861 |
| 600 | 1 | 4 |
_aMallo, Maruja, _d1902-1995 _975816 |
| 655 | 7 |
_aCatálogos de exposiciones _2tgfbne _9193628 |
|
| 700 | 1 |
_aHuici, Fernando, _d1952- _epbl _964658 |
|
| 700 | 1 |
_aPérez de Ayala, Juan, _d1948-2022 _epbl _990761 |
|
| 700 | 1 |
_aReixa, Antón, _d1957- _eclb _9147862 |
|
| 710 | 2 |
_aSociedad Estatal de Conmemoraciones Culturales (España) _eedt _9134893 |
|
| 710 | 2 |
_aReal Academia de Bellas Artes de San Fernando _ehis _96291 |
|
| 740 | 0 | _aMaruja Mallo : Mitad ángel, mitad marisco : documental. | |
| 852 |
_aES-MaACL _bR.145910 _cDEPO1 _dOlim: N-4489 _hDonación Sociedad Estatal de Conmemoraciones Culturales _jA-11485 _pv. 1 _9185967 |
||
| 852 |
_aES-MaACL _bR.145910 _cDEPO1 _dOlim: N-4490 _hDonación Sociedad Estatal de Conmemoraciones Culturales _jA-11486 _pv. 2 _9200512 |
||
| 852 |
_aES-MaACL _bR.145910 _cDEPO1 _dOlim: N-4491 _hDonación Sociedad Estatal de Conmemoraciones Culturales _jA-11487 _pv. 3 _9200513 |
||
| 852 |
_aES-MaACL _cDEPO _hDonación Sociedad Estatal de Conmemoraciones Culturales _jROT 2/6/16 _9185969 |
||
| 852 |
_aES-MaACL _cDEPO _hDonación Sociedad Estatal de Conmemoraciones Culturales _jROT 2/6/17 _9185968 |
||
| 942 |
_2udc _cMONOGRAFIA _n0 |
||
| 999 |
_c179097 _d179097 |
||